Engineering thermodynamics (Record no. 4369)

000 -LEADER
fixed length control field 00584nam a22002177a 4500
001 - CONTROL NUMBER
control field 4369
003 - CONTROL NUMBER IDENTIFIER
control field BD-DhUET
008 - FIXED-LENGTH DATA ELEMENTS--GENERAL INFORMATION
fixed length control field 141115b xxu||||| |||| 00| 0 eng d
020 ## - INTERNATIONAL STANDARD BOOK NUMBER
International Standard Book Number 0582407265
040 ## - CATALOGING SOURCE
Original cataloging agency DLC
Language of cataloging DLC
Transcribing agency 0
Modifying agency BD-DhUET
082 ## - DEWEY DECIMAL CLASSIFICATION NUMBER
Item number ROG/1980
Classification number 621.01
100 ## - MAIN ENTRY--PERSONAL NAME
Personal name Rogers, G.F.C.
245 ## - TITLE STATEMENT
Title Engineering thermodynamics
Remainder of title work and heat transfer
250 ## - EDITION STATEMENT
Edition statement 3rd ed.
260 ## - PUBLICATION, DISTRIBUTION, ETC. (IMPRINT)
Place of publication, distribution, etc. Essex
Name of publisher, distributor, etc. English Language Books Society
Date of publication, distribution, etc. 1980
300 ## - PHYSICAL DESCRIPTION
Extent xvi,667p.
504 ## - BIBLIOGRAPHY, ETC. NOTE
Bibliography, etc Includes bibliographies
650 #0 - SUBJECT ADDED ENTRY--TOPICAL TERM
Topical term or geographic name as entry element Thermodynamics-Engineering
700 ## - ADDED ENTRY--PERSONAL NAME
Personal name Mayhew, Y. R.
942 ## - ADDED ENTRY ELEMENTS (KOHA)
Koha item type General Book
Holdings
Damaged status Sublocation or collection (holding branch) Koha item type Lost status Not for loan Koha date last borrowed Price effective from Withdrawn status Date acquired Piece designation (barcode) Koha normalized classification for sorting Copy number Koha full call number Koha issues (times borrowed) Location (home branch) Koha date last seen Shelving location Source of classification or shelving scheme
 Central Library, BUETGeneral Book  2018-04-212014-11-15 2014-11-1568584621_010000000000000_ROG_19801621.01/ROG/19801Central Library, BUET2018-09-15Circulation section 
 Central Library, BUETGeneral Book   2014-11-29 2014-11-2967907621_010000000000000_ROG_19802621.01/ROG/1980 Central Library, BUET2014-11-29Circulation section 
 Central Library, BUETGeneral Book   2015-01-21 2015-01-2167906621_010000000000000_ROG_19803621.01/ROG/1980 Central Library, BUET2015-01-21Circulation section 
 Central Library, BUETGeneral Book  2018-09-152015-04-18 2015-04-1868583621_010000000000000_ROG_19804621.01/ROG/19801Central Library, BUET2018-10-14Circulation section 
 Central Library, BUETGeneral Book   2015-04-18 2015-04-1867905621_010000000000000_ROG_19805621.01/ROG/1980 Central Library, BUET2015-04-18Circulation section